| 000 | 00581nam a22001577a 4500 | ||
|---|---|---|---|
| 003 | OSt | ||
| 005 | 20150930094048.0 | ||
| 008 | 150930b xxu||||| |||| 00| 0 eng d | ||
| 040 | _cRUA | ||
| 082 | _aAGR THO 2011 B047 Or.1 | ||
| 100 |
_91585 _aTHO, SREYLEAK. |
||
| 245 | _aRice cropping systems in baray district, kampong thom province (ប្រពន្ធ័ដាំដុះដំណាំស្រូវនៅស្រុកបារាយណ៏ខេត្តកំពង់ធំ) | ||
| 260 |
_aPhnom Penh _bRUA _c2011 |
||
| 300 |
_axii,56p. _bill. _c29cm. |
||
| 942 |
_2ddc _cAGR |
||
| 999 |
_c1496 _d1496 |
||